000 00511nam a22001937a 4500
003 MPLRDC
005 20220104160315.0
008 210129b ||||| |||| 00| 0 eng d
020 _a962-04-0402-5
082 _a784.18 HAIL
100 _a希拉. 黑利
245 _a阿瑟. 黑利传
_c徐渊, 何亚非 译
250 _a一版一刷
260 _a香港
_b南粤出版社
_c1985
300 _b
490 _a当代外国名人传记丛书. 10
650 _a英国传记
942 _cBK
_o784.18 HAIL
999 _c54913
_d54903